00614nam a2200205Ia 4500003000400000005001700004008004100021020001800062040001800080041000800098082002300106100002400129245006600153250001200219260005600231300002700287650004700314650002400361650002300385OSt20240702101752.0210716s2016 xx 000 0 und d a9788122440539 cAIMIT LIBRARY aeng a005.1331121bCHAV aChandra S S, Vinod. aObject oriented programming with c++ /cBy Vinod Chandra S S. a1st ed. aNew Delhi :bNew Age International Pvt Ltd ,c2016. aix,260p. ;bPBc24 cm. aEncapsulation inheritance and polymorphism aDynamic allocation  aException handling